000 00908 a2200277 4500
003 OSt
005 20251205105059.0
008 250929b |||||||| |||| 00| 0 eng d
020 _a9781529603057 (pbk)
037 _cTB
040 _cCRL
_aCRL
041 _2eng
_aeng
084 _aW R5
_qCRL
100 _aJenco, Leigh
_9821693
245 _aPolitical theory:
_ba global and comparative introduction
260 _aLondon, UK;
_aCalifornia, USA:
_bSage,
_c2025.
300 _ax, 252p.
365 _b38.99
_cUKP
650 _aPolitical Science
_9850008
650 _aViolence
_9850128
650 _aPolitical Theory
_9850129
700 _aOchoa, Espejo
_eauthor.
_9850009
700 _aIdris, Murad
_eauthor.
_9850010
942 _cTB
_2CC
_n0
_hW R5
999 _c1435642
_d1435642